| 000 | 00945cam a2200241 a 4500 | ||
|---|---|---|---|
| 001 | 000014623 | ||
| 005 | 20200929163857.0 | ||
| 008 | 900226s1997 sp ab b 001 0 spa d | ||
| 020 | _a8477902763 | ||
| 040 |
_aDO-SdBNP _bspa _cBNPHU _dBNPHU |
||
| 082 |
_a307.76 _bC581h |
||
| 245 | 0 | 3 |
_aLa ciudad hispanoaméricana : _bel sueño de un orden. |
| 250 | _a2a ed. | ||
| 260 |
_aMadrid : _bMinisterio de Fomento ; _bCentro de Estudios Históricos de Obras Públicas y Urbanismo ; _bMinisterio de Obras Públicas y Urbanismo, _c1997. |
||
| 300 |
_a303 p. : _bil., mapas ; _c30 cm. |
||
| 504 | _aBibliografías: 294-303. | ||
| 650 | 4 |
_aUrbanismo _zAmérica Latina _xHistoria _933122 |
|
| 650 | 4 |
_aBloques (urbanismo) _933123 |
|
| 650 | 4 |
_aObras públicas _zAmérica Latina _933124 |
|
| 710 | 1 |
_aMinisterio de Fomento _933125 |
|
| 710 | 1 |
_aCentro de Estudios Históricos de Obras Públicas y Urbanismo _933126 |
|
| 910 | _aValidado. Control de calidad MFF | ||
| 999 |
_c14207 _d14207 |
||